[Event "Deizisau Autumn op 15th"]
[Site "Deizisau"]
[Date "2021.10.31"]
[Round "5"]
[White "Englmeier, Heinz"]
[Black "Haji, Mohammad"]
[Result "0-1"]
[WhiteElo "2173"]
[BlackElo "1891"]
[PlyCount "90"]
[EventDate "2021.10.29"]
[EventType "swiss"]
[EventRounds "7"]
[EventCountry "GER"]
[SourceTitle "CBM 204 Extra"]
[Source "ChessBase"]
[SourceDate "2021.11.30"]
[SourceVersion "1"]
[SourceVersionDate "2021.11.30"]
[SourceQuality "1"]

1. e4 c5 2. Nf3 Nc6 3. Nc3 Nf6 4. d4 cxd4 5. Nxd4 e5 6. Nb3 Bb4 7. Bc4 0-0 8. Bg5 h6 9. h4 d6 10. Qf3 Be6 11. Bxf6 Qxf6 12. Qxf6 gxf6 13. Bd3 Rac8 14. 0-0-0 Bxc3 15. bxc3 Rfd8 16. g3 Rc7 17. f4 Kf8 18. f5 Bxb3 19. axb3 Na5 20. Kb2 Rdc8 21. c4 Nc6 22. c3 Nb8 23. g4 Ke7 24. g5 fxg5 25. hxg5 hxg5 26. Rh6 Nd7 27. c5 Rxc5 28. Rxd6 Nf6 29. Be2 Rxc3 30. Bc4 Re3 31. Rxf6 Kxf6 32. Rd7 Rxc4 33. bxc4 Rxe4 34. Kc3 g4 35. Rxb7 g3 36. c5 g2 37. Rb1 Kxf5 38. c6 Ke6 39. Rd1 g1Q 40. Rxg1 Kd6 41. Rf1 Rf4 42. Ra1 Kxc6 43. Rxa7 Kd5 44. Kd3 Ke6 45. Ke3 f6 0-1

[Event "Deizisau Autumn op 15th"]
[Site "Deizisau"]
[Date "2021.10.31"]
[Round "4"]
[White "Haji, Mohammad"]
[Black "Doering, Stefan"]
[Result "1-0"]
[WhiteElo "1891"]
[BlackElo "2046"]
[PlyCount "94"]
[EventDate "2021.10.29"]
[EventType "swiss"]
[EventRounds "7"]
[EventCountry "GER"]
[SourceTitle "EXT 2023"]
[Source "ChessBase"]
[SourceDate "2022.10.05"]
[SourceVersion "1"]
[SourceVersionDate "2022.10.05"]
[SourceQuality "1"]

1. e4 c5 2. Nf3 e6 3. c3 d5 4. exd5 exd5 5. d4 Nc6 6. Bb5 Bd6 7. 0-0 Nge7 8. dxc5 Bxc5 9. Nbd2 Bg4 10. Qa4 Bd7 11. Nb3 Bd6 12. Qh4 0-0 13. Bg5 f6 14. Bd2 Nf5 15. Qa4 Qe8 16. Na5 Qc8 17. Nxc6 bxc6 18. Ba6 Qc7 19. c4 c5 20. Qa5 d4 21. Qxc7 Bxc7 22. Bb7 Rab8 23. Bd5+ Kh8 24. b3 Ne7 25. Be4 Nc6 26. Rfe1 Rfe8 27. h3 a5 28. g4 Nb4 29. Kg2 Re7 30. a3 Na6 31. Rab1 Rbe8 32. Bd5 g5 33. Rxe7 Rxe7 34. Re1 Rxe1 35. Nxe1 Kg7 36. Nd3 Be8 37. f4 gxf4 38. Bb7 Bg6 39. Nxf4 Bxf4 40. Bxf4 a4 41. bxa4 Nb4 42. axb4 cxb4 43. Bd6 b3 44. Ba3 d3 45. Kf2 d2 46. Ke2 Bd3+ 47. Kxd2 Bxc4 1-0

[Event "Deizisau Autumn op 15th"]
[Site "Deizisau"]
[Date "2021.10.30"]
[Round "3"]
[White "Koellner, Christoph"]
[Black "Haji, Mohammad"]
[Result "0-1"]
[WhiteElo "2153"]
[BlackElo "1891"]
[PlyCount "26"]
[EventDate "2021.10.29"]
[EventType "swiss"]
[EventRounds "7"]
[EventCountry "GER"]
[SourceTitle "EXT 2023"]
[Source "ChessBase"]
[SourceDate "2022.10.05"]
[SourceVersion "1"]
[SourceVersionDate "2022.10.05"]
[SourceQuality "1"]

1. d4 Nf6 2. Nf3 e6 3. e3 d5 4. Bd3 c5 5. c3 Nc6 6. Nbd2 Bd6 7. 0-0 0-0 8. dxc5 Bxc5 9. b4 Be7 10. Bb2 b6 11. a3 Bb7 12. c4 dxc4 13. Nxc4 Qd5 0-1